Score 0/12 Timer 03:00
0 Plays Today
Question Answer Wrong Answers
Announcer/Sidekick: Ed McMahon Johnny Carson
84.9%
Jay Leno
5.2%
Conan O'Brien
2.9%
Jimmy Fallon
2.5%
Host of the Tonight Show for 30 Seasons Johnny Carson
81.8%
Jay Leno
10.7%
Conan O'Brien
1.2%
Jimmy Fallon
1.6%
Known for his Headlines and Jaywalking segments Jay Leno
81.5%
Johnny Carson
3.4%
Conan O'Brien
5.1%
Jimmy Fallon
5.2%
House Band: The Roots Jimmy Fallon
79.8%
Johnny Carson
3%
Jay Leno
4.5%
Conan O'Brien
7.8%
Host of the Tonight Show for only 146 episodes Conan O'Brien
79.4%
Johnny Carson
3.7%
Jay Leno
5.6%
Jimmy Fallon
6.6%
Known for his character Carnac the Magnificent Johnny Carson
77.4%
Jay Leno
4%
Conan O'Brien
10.6%
Jimmy Fallon
3.2%
Had two separate runs as Tonight Show host Jay Leno
77.3%
Johnny Carson
6%
Conan O'Brien
8.6%
Jimmy Fallon
3.6%
Announcer/Sidekick: Andy Richter Conan O'Brien
72.6%
Johnny Carson
3.6%
Jay Leno
8%
Jimmy Fallon
10.9%
Known for playing games, such as charades, with guests Jimmy Fallon
69.9%
Johnny Carson
13.9%
Jay Leno
4.8%
Conan O'Brien
6.4%
Bandleader: Kevin Eubanks Jay Leno
67.4%
Johnny Carson
11.1%
Conan O'Brien
7.3%
Jimmy Fallon
9%
Returned the Tonight Show to New York City Jimmy Fallon
56.9%
Johnny Carson
7.3%
Jay Leno
19.5%
Conan O'Brien
11.6%
Bandleader: Max Weinberg Conan O'Brien
52.9%
Johnny Carson
13%
Jay Leno
18.1%
Jimmy Fallon
11.2%

Today's Daily Dose

Remove Ads.
Support Sporcle.
Get the best of Sporcle when you Go Orange. This ad-free experience offers more features, more stats, and more fun while also helping to support Sporcle. Thank you for becoming a member.

You're not logged in!

Compare scores with friends on all Sporcle quizzes.
OR
Log In

Show Comments

Extras

Top Quizzes Today


Score Distribution

Your Account Isn't Verified!

In order to create a playlist on Sporcle, you need to verify the email address you used during registration. Go to your Sporcle Settings to finish the process.

Report this User

Report this user for behavior that violates our Community Guidelines.

Details: